000 00677nam a22002177a 4500
999 _c708
_d708
003 OSt
005 20210419102123.0
008 141106b xxu||||| |||| 00| 0 eng d
020 _a9780443067976
040 _cDNLM
082 _aQZ4 Y84w 2011
100 _aYoung, Barbara; Stewart, William; O'Dowd, Geraldine
_9425
245 _aWheater's Basic Pathology:
_ba text, atlas and review of histopathology
250 _a5th ed.
260 _aUK :
_bChurchill Livingstone ELSEVIER
_c2011
300 _aX, 337 p :
_bcol.ill ;
_c30 cm.
504 _aIncludes bibliographical references and index.
650 _aPathology.
_937
650 _aHistopathology
_91849
942 _2z
_cSLOAN